| 000 | 00932nas a2200301 4500 | ||
|---|---|---|---|
| 001 | BR9802425 | ||
| 003 | BR-BrBNA | ||
| 005 | 20231205100737.0 | ||
| 007 | ta | ||
| 008 | 230509b bl.|||p| |||| 00| 00por d | ||
| 040 |
_aBR-BrBNA _bpor _cBiblioteca Nacional de Agricultura |
||
| 041 | _a(Pt) | ||
| 072 | _aF02 | ||
| 100 | 1 | _aLederman, I.E. | |
| 100 | 1 | _aBezerra, J.E.F. | |
| 100 | 1 | _aAschoff, M.N.A. | |
| 100 | 1 | _aOliveira, E.N.M. de | |
| 100 | 1 | _aRosa, J.M.G. | |
| 245 | 1 | _aPropagacao vegetativa do umbuzeiro (Spondias tuberosa Arr. Cam.)e da gravioleira (Annona muricata L.)atraves da alporquia | |
| 650 | _aUmbu | ||
| 650 | _aGraviola | ||
| 650 | _aReproducao Vegetal | ||
| 650 | _aAcido Indolbutirico | ||
| 650 | _aMergulhia | ||
| 773 | 0 |
_tRevista Brasileira de Fruticultura (Brazil) _xISSN 0100-2945 _g(1991), v. 13(1) p. 55-58 _wBR9802425 |
|
| 909 |
_a202311 _bLúcia _c55 _dLúcia Elande |
||
| 942 |
_2AGRIS _n0 _cANA |
||
| 999 |
_c157813 _d157813 |
||